| 000 | 01445nam a2200253Ia 4500 | ||
|---|---|---|---|
| 003 | Ost | ||
| 005 | 20260507075056.0 | ||
| 008 | 260507s9999||||xx |||||||||||||| ||und|| | ||
| 020 | _a9957330160 | ||
| 040 | _cfsecg | ||
| 041 | _aara | ||
| 082 | _a338.4791 | ||
| 100 |
_aالطائي، حميد عبد النبي _eمؤلف |
||
| 245 | 0 |
_aمدخل إلى السياحة والسفر والطيران / _c حميد عبد النبي الطائي |
|
| 246 | _aInroduction to Travel Tourism and Aviation | ||
| 260 |
_aعمان: _bمؤسسة الوراق, _c2003 |
||
| 300 |
_a274 صفحة؛ _bإيضاحات ؛ _c24 سم |
||
| 504 | _aبيبليوغرافيا ص.270 | ||
| 520 | _aمدخل مفاهيمي للسياحة،التطور التاريخي للسياحة والسفر والفنادق والطيران،العوامل المؤثرة على صناعة السياحة،السياحة كصناعة،تجزئة الأسواق السياحية،وكالة السفر،صناعة الطيران،طبيعة العمل في مكاتب السياحة والسفر،التعاون والتنسيق بين الفنادق ووكالات السفر وشركات الطيران،دراسة حالات | ||
| 653 | _aالسياحة | ||
| 653 | _aالطيران | ||
| 653 | _aالفنادق | ||
| 942 | _cكتاب | ||
| 999 |
_c42744 _d42744 |
||